000 nam a22 a 4500
999 _c138292
_d138292
003 BLK
005 20221130135050.0
008 180409b bul|||||r ||||||| ||bul||
010 _aKNG00144276000
040 _aBLK
041 _aBUL
_cBUL
080 _aСнимане при изкуствено осветление (вкл. и с импулсно осветление)
_b77.052
_x(035)
_z77.052(035)
100 1 _aШмок, Ян
_eпърви автор
_9143802
139 _aШмок, Ян
245 1 0 _aИзкуственото осветление във фотографията
_bРъководство
_cЯн Шмок; прев. от чеш. Маргарита Кюркчиева.
257 _aCSK
260 _bТехника
_c1979
_aСофия
300 _a260 с.
_bс ил.
_c20 см
380 _a7
500 _aОриг. загл. Umele svetlo ve fotografii. - 8 900 тир.
650 4 _aФотография - осветление
_9293667
653 _aфотография
653 _aосветление
653 _aръководства
700 1 _aКюркчиева, Маргарита Симеонова
_eпрев. от чеш.
_9371688
852 _aЦб 101309
_bЦб
856 4 _qpdf
_i0.00
_ldisable
856 4 _qpdf
_i0.00
_ldisable
942 _cKNG
_n0
_s1
944 _aCR
_c20.06.2013
_l20.06.2013 - от С1,Р / 20.06.2013
_kКамелия_Данева
944 _aED
_c20.06.2013
_l20.06.2013 - от С1,Р / 20.06.2013